| 000 | 00675nam a22001817a 4500 | ||
|---|---|---|---|
| 003 | CEME | ||
| 005 | 20210628203304.0 | ||
| 008 | 210204b xxu||||| |||| 00| 0 eng d | ||
| 020 | _a8188458023 | ||
| 040 | _c. | ||
| 082 | _a621.38107 GUP | ||
| 100 |
_aGupta, B.R. Dr , Singhal, V _964508 |
||
| 245 | _aQuesiton bank in electronics and communication engineering , with more than 12000 objective type quesitona nd answers | ||
| 260 |
_aDELHI _bS.K. KATARIA & SONS _c2010 |
||
| 300 | _a999P | ||
| 650 |
_aMCQ-ENGINEERING. , MCQ-ELECTRONICS ENGINEERING. , MCQ-COMMUNICATION ENGINEERING. , QUESITON BANK IN ELECTRONICS AND COMMUNICATION ENGINEERING _964509 |
||
| 942 |
_cBK _2ddc |
||
| 999 |
_c572975 _d572975 |
||